Normal view
MARC view
- MELLOR, P. B, JOHNSON, W
Entry Personal Name
001 - CONTROL NUMBER
- control field: 65825
003 - CONTROL NUMBER IDENTIFIER
- control field: NUST
005 - DATE AND TIME OF LATEST TRANSACTION
- control field: 20210628203509.0
008 - FIXED-LENGTH DATA ELEMENTS
- fixed length control field: 210628|| aca||aabn | a|a d
040 ## - CATALOGING SOURCE
- Original cataloging agency: NUST
- Transcribing agency: NUST
100 ## - HEADING--PERSONAL NAME
- Personal name: MELLOR, P. B, JOHNSON, W
670 ## - SOURCE DATA FOUND
- Source citation: Work cat.: (NUST): MELLOR, P. B, JOHNSON, W, ENGINEERING PLASTICITY, 1983
